000 00602nam a2200169 a 4500
001 000029704
005 20230308115615.0
008 110425s1998 dr 000 0 spa d
040 _aDO-SdBNP
_bspa
_cBNPHU
245 0 0 _aCódigo de conducta para funcionarios encargados de hacer cumplir la ley /.
260 _aSanto Domingo :
_bEditora Lozano,
_c1998.
300 _a14 p. ;
_c22 cm.
490 1 _aCuadernos de la reforma
_v2
710 1 _aRepública Dominicana.
_bComisionado de Apoyo a la Reforma y Modernización de la Justicia
_917179
830 0 _aCuaderno de la reforma
_v2
_956500
049 _aBNPD
999 _c29196
_d29196